La trata de blancas en España (Record no. 49495)

MARC details
000 -LEADER
campo de control de longitud fija 00848nam a2200193 i 4500
001 - NÚMERO DE CONTROL
campo de control 49495
003 - IDENTIFICADOR DE NÚMERO DE CONTROL
campo de control ES-MaACL
005 - FECHA Y HORA DE LA ÚLTIMA TRANSACCIÓN
campo de control 20230906162000.0
007 - CAMPO FIJO DE DESCRIPCIÓN FÍSICA--INFORMACIÓN GENERAL
campo de control de longitud fija t|
008 - DATOS DE LONGITUD FIJA--INFORMACIÓN GENERAL
campo de control de longitud fija 030716s1911 sp ||||1| spa d
100 1# - ENTRADA PRINCIPAL--NOMBRE DE PERSONA
Nombre de persona Cossío y Gómez-Acebo, Manuel de.
9 (RLIN) 41028
245 13 - MENCIÓN DEL TÍTULO
Título La trata de blancas en España
Resto del título : ventajas de las instituciones represoras y sus resultados : memoria premiada por la Sociedad Española de Higiene en el Concurso de 1910 /
Mención de responsabilidad, etc. Manuel de Cossío y Gómez Acebo.
260 ## - PUBLICACIÓN, DISTRIBUCIÓN, ETC.
Lugar de publicación, distribución, etc. Madrid :
Nombre del editor, distribuidor, etc. [s.n.],
Fecha de publicación, distribución, etc. 1911 (
Fabricante Imp. de la Suc. de M. Minuesa de los Ríos)
300 ## - DESCRIPCIÓN FÍSICA
Extensión 64 p. ;
Dimensiones 23 cm.
500 ## - NOTA GENERAL
Nota general Tít. de la cubierta: La trata de blancas en España y la Vizcondesa de Jorbalán.
650 #4 - PUNTO DE ACCESO ADICIONAL DE MATERIA--TÉRMINO DE MATERIA
Término de materia o nombre geográfico como elemento de entrada Prostitución-
Subdivisión geográfica España.
9 (RLIN) 150137
650 #4 - PUNTO DE ACCESO ADICIONAL DE MATERIA--TÉRMINO DE MATERIA
Término de materia o nombre geográfico como elemento de entrada Prostitutas-
Subdivisión general Servicios sociales-
Subdivisión geográfica España.
9 (RLIN) 156651
852 ## - LOCALIZACIÓN
Ubicación ES-MaACL
Número de control de estantería 1618-F-6
Holdings
Estatus retirado Estado de pérdida Estado de daño No para préstamo Colección Biblioteca de origen Biblioteca actual Ubicación en estantería Fecha de adquisición Fuente de adquisición Total de préstamos Signatura topográfica completa Código de barras Visto por última vez Precio de reemplazo Tipo de ítem Koha
        Colección de folletos Biblioteca del Ateneo de Madrid Biblioteca del Ateneo de Madrid Depósito folletos 17/01/2008     1618-F-6 1052080 23/02/2023 23/02/2023 Folleto